[Event "Freedman mem."]
[Site "Toronto CAN"]
[Date "2002.08.18"]
[Round "6"]
[White "Srinivasan, Gajana"]
[Black "Sherman, Robert"]
[Result "0-1"]
[WhiteElo "1989"]
[BlackElo "1850"]
[PlyCount "78"]
[EventDate "2002.08.12"]
[EventType "tourn"]
[EventRounds "9"]
[EventCountry "CAN"]

1. e4 c5 2. Nf3 d6 3. d4 cxd4 4. Nxd4 Nf6 5. Nc3 g6 6. Be3 Bg7 7. Bc4 O-O 8. f3
Nc6 9. Qd2 Bd7 10. O-O-O Qb8 11. h4 b5 12. Nxc6 Bxc6 13. Bb3 Rc8 14. h5 Nxh5
15. g4 Nf6 16. Bh6 Bh8 17. g5 Nd7 18. Nd5 Re8 19. Qh2 a5 20. Nf4 d5 21. Qh4 a4
22. Bxd5 Bxd5 23. Rxd5 Ne5 24. Qh3 e6 25. Rdd1 Nc4 26. Nd3 a3 27. b3 Nb2 28.
Rd2 Qc7 29. f4 Nxd3+ 30. Qxd3 Red8 31. Qe3 Rxd2 32. Qxd2 Rd8 33. Qe3 Bd4 34.
Qf3 Bc3 35. Rd1 Qxf4+ 36. Kb1 Rxd1+ 37. Qxd1 Bd2 38. c3 Qxe4+ 39. Qc2 Qe1+ 0-1

[Event "Freedman mem."]
[Site "Toronto CAN"]
[Date "2002.08.19"]
[Round "7"]
[White "Cohen, David"]
[Black "Srinivasan, Gajana"]
[Result "0-1"]
[WhiteElo "1952"]
[BlackElo "1971"]
[PlyCount "116"]
[EventDate "2002.08.12"]
[EventType "tourn"]
[EventRounds "9"]
[EventCountry "CAN"]

1. Nf3 g5 2. Nxg5 e5 3. d3 h6 4. Nf3 Nc6 5. e4 Bc5 6. Nc3 Nge7 7. Qe2 d6 8. Be3
Bb6 9. g3 f5 10. Bg2 Rg8 11. Bxh6 f4 12. Bg5 Bg4 13. Bxe7 Qxe7 14. Nd5 Qf7 15.
Nxb6 axb6 16. c3 O-O-O 17. h3 Be6 18. g4 Qh7 19. b4 d5 20. b5 dxe4 21. bxc6
exd3 22. cxb7+ Kb8 23. Qxe5 d2+ 24. Nxd2 Rge8 25. O-O Bxg4 26. Qxf4 Bxh3 27.
Bxh3 Qxh3 28. f3 Rf8 29. Qh2 Rg8+ 30. Kh1 Qf5 31. Rf2 Rh8 32. Rg1 Qe5 33. Ne4
Kxb7 34. Ng5 Rxh2+ 35. Rxh2 Qxc3 36. Rh7 Rg8 37. Kh2 Rxg5 38. Rxg5 Qc2+ 39. Kg3
Qxh7 40. f4 Kc6 41. f5 Qf7 42. Rg6+ Kd5 43. Kf4 b5 44. Rg2 c5 45. Rd2+ Kc6 46.
Ke5 Qg7+ 47. Ke4 Qg4+ 48. Ke5 Qg3+ 49. Ke4 Qe1+ 50. Kd3 c4+ 51. Kc2 Qe4+ 52.
Kc3 Qxf5 53. a4 Qf3+ 54. Kd4 Qd5+ 55. Kc3 b4+ 56. Kc2 Qe4+ 57. Kc1 c3 58. Rd1
b3 0-1

[Event "Freedman mem."]
[Site "Toronto CAN"]
[Date "2002.08.19"]
[Round "7"]
[White "Haziprodromu, Sam"]
[Black "Takov, Chris"]
[Result "1-0"]
[WhiteElo "1889"]
[BlackElo "1910"]
[PlyCount "91"]
[EventDate "2002.08.12"]
[EventType "tourn"]
[EventRounds "9"]
[EventCountry "CAN"]

1. c4 g6 2. Nc3 Bg7 3. g3 e5 4. Bg2 d6 5. Nf3 f5 6. d3 Nf6 7. e4 c6 8. O-O fxe4
9. dxe4 O-O 10. h3 Be6 11. b3 Qd7 12. Ng5 h6 13. Nxe6 Qxe6 14. Ba3 Ne8 15. Qd2
Na6 16. Rad1 Rf7 17. Kh2 Rd8 18. h4 b6 19. Bh3 Qe7 20. Qe2 Nc5 21. Qe3 Ne6 22.
Ne2 Nd4 23. Bb2 c5 24. Nc3 Rf3 25. Qd2 Nc7 26. Ne2 Rdf8 27. Ng1 Nce6 28. Bg2
R3f7 29. Nh3 g5 30. hxg5 hxg5 31. Bxd4 cxd4 32. Qe2 Rf6 33. Qg4 Rh6 34. Kg1 Kh7
35. a4 a5 36. Rb1 Rg6 37. b4 axb4 38. Rxb4 Qc7 39. Rfb1 Qc6 40. Rxb6 Qxa4 41.
Rxd6 Qxc4 42. Rxe6 d3 43. Qh5+ Rh6 44. Nxg5+ Kg8 45. Rxh6 d2 46. Rh8+ 1-0

[Event "Freedman mem."]
[Site "Toronto CAN"]
[Date "2002.08.19"]
[Round "7"]
[White "Shah, Omar"]
[Black "Manalo, Pepin"]
[Result "1-0"]
[WhiteElo "1989"]
[BlackElo "1866"]
[PlyCount "60"]
[EventDate "2002.08.12"]
[EventType "tourn"]
[EventRounds "9"]
[EventCountry "CAN"]

1. e4 c5 2. Nf3 d6 3. d4 cxd4 4. Nxd4 Nf6 5. Nc3 g6 6. Be3 Bg7 7. Bc4 O-O 8. f3
Nc6 9. Qd2 Na5 10. Bb3 Nxb3 11. axb3 Re8 12. O-O-O Qa5 13. Kb1 a6 14. Bh6 Bh8
15. h4 Bd7 16. g4 Rac8 17. h5 e5 18. Nf5 Bxf5 19. gxf5 Rc6 20. Rdg1 Rec8 21.
hxg6 hxg6 22. fxg6 fxg6 23. Qg5 Kf7 24. Qxg6+ Ke6 25. Qf5+ Ke7 26. Bg7 Rxc3 27.
Qxf6+ Kd7 28. Qf7+ Kc6 29. bxc3 Bxg7 30. Rxg7 Qb5 1-0

[Event "Freedman mem."]
[Site "Toronto CAN"]
[Date "2002.08.19"]
[Round "7"]
[White "Sherman, Robert"]
[Black "Miller, Evgeny"]
[Result "0-1"]
[WhiteElo "1850"]
[BlackElo "2202"]
[PlyCount "30"]
[EventDate "2002.08.12"]
[EventType "tourn"]
[EventRounds "9"]
[EventCountry "CAN"]

1. e4 c6 2. d4 d5 3. Nc3 dxe4 4. Nxe4 Nd7 5. Ng5 Ngf6 6. Bd3 e6 7. Qe2 h6 8.
N5f3 c5 9. c3 a6 10. Bf4 Nd5 11. Bg3 Qa5 12. Nh3 cxd4 13. Nxd4 Nxc3 14. Nb3
Nxe2+ 15. Nxa5 Nxg3 0-1

[Event "Freedman mem."]
[Site "Toronto CAN"]
[Date "2002.08.20"]
[Round "8"]
[White "Haley, Phil"]
[Black "Sherman, Robert"]
[Result "1/2-1/2"]
[WhiteElo "1873"]
[BlackElo "1850"]
[PlyCount "46"]
[EventDate "2002.08.12"]
[EventType "tourn"]
[EventRounds "9"]
[EventCountry "CAN"]

1. d4 d5 2. Bg5 h6 3. Bh4 c6 4. Nf3 Qb6 5. b3 Bf5 6. e3 e6 7. Bd3 Bxd3 8. Qxd3
Nd7 9. O-O Bd6 10. c4 Qa6 11. Nbd2 Ngf6 12. Rfe1 O-O 13. Qc2 Rac8 14. c5 Bb8
15. b4 b6 16. a4 Qb7 17. a5 b5 18. a6 Qc7 19. Nb3 Ne4 20. Na5 g5 21. Bg3 Nxg3
22. hxg3 Qd8 23. Kf1 Qf6 1/2-1/2

[Event "Freedman mem."]
[Site "Toronto CAN"]
[Date "2002.08.20"]
[Round "8"]
[White "Manalo, Pepin"]
[Black "Haziprodromu, Sam"]
[Result "0-1"]
[WhiteElo "1866"]
[BlackElo "1889"]
[PlyCount "124"]
[EventDate "2002.08.12"]
[EventType "tourn"]
[EventRounds "9"]
[EventCountry "CAN"]

1. d4 Nf6 2. Nf3 c5 3. Nc3 g6 4. d5 d6 5. e4 Bg7 6. Bg5 a6 7. a4 b6 8. g3 Nbd7
9. Bg2 Rb8 10. Qe2 O-O 11. h3 Re8 12. O-O b5 13. axb5 axb5 14. Nd2 b4 15. Nb5
Bb7 16. c4 Qb6 17. g4 e6 18. Qd3 Ne5 19. Qc2 exd5 20. Bxf6 Bxf6 21. exd5 Red8
22. f4 Nd7 23. Ne4 Be7 24. Na7 Re8 25. Nc6 Rbc8 26. Nxe7+ Rxe7 27. b3 Rce8 28.
Rae1 Qc7 29. g5 Bc8 30. Qf2 Rf8 31. Qh4 f5 32. gxf6 Rxe4 33. f7+ Rxf7 34. Rxe4
Nf6 35. Re3 Bf5 36. Rfe1 Kg7 37. Bf3 h5 38. Kh2 Qd8 39. Qg5 Qa5 40. R1e2 Qa1
41. Re7 Qf1 42. Bg2 Qb1 43. Rxf7+ Kxf7 44. Qg3 Bd3 45. Re1 Qc2 46. Re6 Be4 47.
Qg5 Ng4+ 48. Qxg4 hxg4 49. Rxe4 gxh3 50. Kxh3 Qxb3+ 51. Kh4 Qc2 52. Bf3 Qd3 53.
Kg4 b3 54. Re6 b2 55. Be4 Qxe4 56. Rxe4 b1=Q 57. Re6 Qf5+ 58. Kg3 Qxe6 59.
dxe6+ Kxe6 60. Kg4 d5 61. cxd5+ Kxd5 62. Kg5 Ke4 0-1

[Event "Freedman mem."]
[Site "Toronto CAN"]
[Date "2002.08.20"]
[Round "8"]
[White "Miller, Evgeny"]
[Black "Cohen, David"]
[Result "1/2-1/2"]
[WhiteElo "2202"]
[BlackElo "1952"]
[PlyCount "23"]
[EventDate "2002.08.12"]
[EventType "tourn"]
[EventRounds "9"]
[EventCountry "CAN"]

1. e4 c5 2. c3 d6 3. d4 cxd4 4. cxd4 Nc6 5. Nc3 Nf6 6. h3 g6 7. Nf3 Bg7 8. Be3
O-O 9. Be2 a6 10. O-O b5 11. a3 Bb7 12. Rc1 1/2-1/2

[Event "Freedman mem."]
[Site "Toronto CAN"]
[Date "2002.08.20"]
[Round "8"]
[White "Srinivasan, Gajana"]
[Black "Shah, Omar"]
[Result "1-0"]
[WhiteElo "1971"]
[BlackElo "1989"]
[PlyCount "47"]
[EventDate "2002.08.12"]
[EventType "tourn"]
[EventRounds "9"]
[EventCountry "CAN"]

1. e4 c5 2. d4 cxd4 3. c3 dxc3 4. Nxc3 a6 5. f4 b5 6. b4 Bb7 7. Be3 e6 8. a3
Nf6 9. e5 Nd5 10. Nxd5 Bxd5 11. Nf3 Be7 12. Bd3 g6 13. O-O O-O 14. Ng5 Nc6 15.
h4 h6 16. Nxf7 Rxf7 17. Bxg6 Bxh4 18. Bxf7+ Kxf7 19. Qh5+ Kg7 20. f5 Bg5 21.
f6+ Kh8 22. Bxg5 Qg8 23. Qxh6+ Qh7 24. f7 1-0

[Event "Freedman mem."]
[Site "Toronto CAN"]
[Date "2002.08.21"]
[Round "9"]
[White "Cohen, David"]
[Black "Haley, Phil"]
[Result "1/2-1/2"]
[WhiteElo "1952"]
[BlackElo "1873"]
[PlyCount "92"]
[EventDate "2002.08.12"]
[EventType "tourn"]
[EventRounds "9"]
[EventCountry "CAN"]

1. e4 c6 2. d4 d5 3. Nc3 dxe4 4. Nxe4 Nf6 5. Nxf6+ gxf6 6. Bc4 Bf5 7. Bf4 e6 8.
Nf3 Nd7 9. Bd3 Bg6 10. Bxg6 hxg6 11. Qd3 g5 12. Be3 Qc7 13. g3 O-O-O 14. O-O-O
Be7 15. Qb3 Kb8 16. Ne1 Rh7 17. Nd3 Rdh8 18. Nb4 Bxb4 19. Qxb4 Nb6 20. h4 Nd5
21. Qa3 Nxe3 22. Qxe3 gxh4 23. gxh4 Rxh4 24. Rhf1 Qf4 25. Qxf4+ Rxf4 26. c3 Kc7
27. Kd2 Kd6 28. Ke3 Rf5 29. Rd2 Rfh5 30. Rg1 f5 31. Rg7 R5h7 32. Rg2 Rh3+ 33.
f3 Ke7 34. Rdf2 Kf6 35. Rd2 R8h4 36. Rdf2 Re4+ 37. Kd2 Reh4 38. Ke2 Rh8 39. Ke3
R3h6 40. Rd2 Rh1 41. a3 R1h3 42. Rdf2 R3h6 43. Rd2 Rh1 44. Rde2 R1h3 45. Ref2
Rh1 46. Re2 R1h3 1/2-1/2

[Event "Freedman mem."]
[Site "Toronto CAN"]
[Date "2002.08.21"]
[Round "9"]
[White "Haziprodromu, Sam"]
[Black "Srinivasan, Gajana"]
[Result "1-0"]
[WhiteElo "1889"]
[BlackElo "1971"]
[PlyCount "39"]
[EventDate "2002.08.12"]
[EventType "tourn"]
[EventRounds "9"]
[EventCountry "CAN"]

1. e4 c5 2. d4 cxd4 3. c3 dxc3 4. Nxc3 a6 5. Nf3 b5 6. a4 b4 7. Nd5 e6 8. Bc4
exd5 9. Qxd5 Qf6 10. Qxa8 Qb6 11. O-O Qc7 12. Qd5 d6 13. Qd3 Nf6 14. Bf4 Nh5
15. Be3 Be7 16. Rac1 Qd7 17. Qd5 O-O 18. Qxh5 g6 19. Qh6 Qg4 20. Bd4 1-0

[Event "Freedman mem."]
[Site "Toronto CAN"]
[Date "2002.08.21"]
[Round "9"]
[White "Manalo, Pepin"]
[Black "Takov, Chris"]
[Result "1-0"]
[WhiteElo "1866"]
[BlackElo "1910"]
[PlyCount "105"]
[EventDate "2002.08.12"]
[EventType "tourn"]
[EventRounds "9"]
[EventCountry "CAN"]

1. d4 g6 2. e4 Bg7 3. Nc3 d6 4. f4 Nf6 5. e5 dxe5 6. fxe5 Nd5 7. Bc4 Be6 8. Qf3
c6 9. Bd2 O-O 10. Nxd5 cxd5 11. Bd3 Qb6 12. Bc3 f6 13. exf6 Rxf6 14. Qe3 Nc6
15. Nf3 Raf8 16. O-O-O Bg4 17. Be2 Rf4 18. h3 Bxf3 19. Bxf3 Nxd4 20. Bxd4 Bxd4
21. Bxd5+ Kh8 22. Qb3 Be3+ 23. Kb1 Rb4 24. Qa3 a5 25. Rhe1 Bc5 26. Re6 Rd4 27.
Qc3 Rf6 28. Rde1 Qb4 29. Rxf6 exf6 30. Re8+ Kg7 31. Qf3 Qd2 32. c4 b5 33. Qb3
a4 34. Qc2 Qxc2+ 35. Kxc2 bxc4 36. Bc6 a3 37. bxa3 Bxa3 38. Re4 Rxe4 39. Bxe4
Bb4 40. Bd5 c3 41. Kd3 f5 42. Bb3 Kf6 43. Kc4 Ba5 44. Kb5 Bc7 45. a4 Ke5 46. a5
Kd6 47. a6 Bb8 48. Kb6 f4 49. Kb7 Ba7 50. Kxa7 Kc7 51. Bc2 g5 52. Bxh7 Kc8 53.
Kb6 1-0

[Event "Freedman mem."]
[Site "Toronto CAN"]
[Date "2002.08.21"]
[Round "9"]
[White "Shah, Omar"]
[Black "Miller, Evgeny"]
[Result "0-1"]
[WhiteElo "1989"]
[BlackElo "2202"]
[PlyCount "78"]
[EventDate "2002.08.12"]
[EventType "tourn"]
[EventRounds "9"]
[EventCountry "CAN"]

1. e4 e6 2. d4 d5 3. Nc3 dxe4 4. Nxe4 Nd7 5. Nf3 Ngf6 6. Bd3 Nxe4 7. Bxe4 Nf6
8. Bg5 Be7 9. Bd3 c5 10. O-O cxd4 11. Nxd4 O-O 12. c3 Qa5 13. Nf3 h6 14. Bh4 b6
15. Re1 Bb7 16. Ne5 Rad8 17. Qe2 Qd5 18. f3 Qc5+ 19. Bf2 Qc7 20. Rad1 Bd6 21.
f4 Nd7 22. Bh4 Nxe5 23. fxe5 Bc5+ 24. Kh1 Be7 25. Bg3 Rd7 26. Bb1 Rfd8 27. Rxd7
Qxd7 28. Qc2 g6 29. Bf4 Bf8 30. h4 Bg7 31. b3 Ba6 32. c4 Bb7 33. h5 Qe7 34. Qf2
gxh5 35. Bg3 Qg5 36. Rf1 Rd7 37. Bf4 Qg4 38. Bc2 h4 39. Kh2 Rd4 0-1

[Event "Geza Fuster mem"]
[Site "Toronto CAN"]
[Date "2002.09.14"]
[Round "1"]
[White "Boross Harmer, Peter"]
[Black "Siddeley, Hugh"]
[Result "1/2-1/2"]
[WhiteElo "2070"]
[BlackElo "2027"]
[PlyCount "111"]
[EventDate "2002.09.14"]
[EventType "tourn"]
[EventRounds "9"]
[EventCountry "CAN"]

1. d4 Nf6 2. Nf3 c5 3. c3 b6 4. Bf4 e6 5. e3 Bb7 6. Be2 Be7 7. Na3 a6 8. dxc5
bxc5 9. Bd6 Bxd6 10. Qxd6 Ne4 11. Qe5 O-O 12. Bd3 f5 13. Bxe4 fxe4 14. Ng5 Rf5
15. Nxe6 dxe6 16. Qxe6+ Rf7 17. Rd1 Qf6 18. Qxf6 gxf6 19. Nc4 Nc6 20. Rd5 Nb4
21. Rf5 Bc8 22. Rh5 Bg4 23. Rh4 Nd3+ 24. Kf1 f5 25. Nd6 Rg7 26. h3 Rd8 27. Rh6
Bh5 28. Nxf5 Nc1 29. g4 Bg6 30. Nxg7 Kxg7 31. g5 Rd2 32. Kg2 Nd3 33. Rf1 Rxb2
34. Kg3 Ne5 35. h4 Nf7 36. h5 Nxg5 37. hxg6 Kxh6 38. gxh7 Kxh7 39. Kf4 Kg6 40.
Rg1 Rxf2+ 41. Ke5 Rxa2 42. Kd5 Ra5 43. Rb1 Kf5 44. Rb8 Rb5 45. Ra8 Ne6 46. Ra7
Rb6 47. Rf7+ Kg4 48. Re7 Kf5 49. Rf7+ Kg5 50. Kxe4 Kg6 51. Ra7 Kf6 52. Kd5 Rb3
53. Rxa6 Rxc3 54. Rxe6+ Kf7 55. Re4 Kf6 56. Re6+ 1/2-1/2

[Event "Geza Fuster mem"]
[Site "Toronto CAN"]
[Date "2002.09.14"]
[Round "1"]
[White "Noritsyn, Nikolay"]
[Black "Laughlin, Steve"]
[Result "1-0"]
[WhiteElo "2093"]
[BlackElo "2006"]
[PlyCount "57"]
[EventDate "2002.09.14"]
[EventType "tourn"]
[EventRounds "9"]
[EventCountry "CAN"]

1. e4 e5 2. Nf3 Nc6 3. Nc3 Nf6 4. Bb5 Bc5 5. Nxe5 Nxe5 6. d4 c6 7. dxe5 Ng8 8.
Bc4 b5 9. Bb3 Qe7 10. Bf4 a5 11. a3 Ba6 12. Ne2 O-O-O 13. Qd3 Kb7 14. O-O g5
15. Bd2 a4 16. Ba2 h5 17. b4 Bb6 18. c4 Nh6 19. cxb5 Bxb5 20. Bc4 Ng4 21. Bxb5
cxb5 22. Bc3 d5 23. Qxb5 Qd7 24. Qxd7+ Rxd7 25. e6 d4 26. exd7 dxc3 27. Rac1
Rd8 28. Nxc3 Rxd7 29. Nxa4 1-0

[Event "Geza Fuster mem"]
[Site "Toronto CAN"]
[Date "2002.09.14"]
[Round "1"]
[White "Sviridovitch, Alina"]
[Black "Sherman, Robert"]
[Result "1/2-1/2"]
[WhiteElo "1840"]
[BlackElo "1922"]
[PlyCount "67"]
[EventDate "2002.09.14"]
[EventType "tourn"]
[EventRounds "9"]
[EventCountry "CAN"]

1. d4 d5 2. c4 e6 3. cxd5 exd5 4. Nc3 c6 5. Nf3 Bd6 6. Bg5 Qa5 7. e3 h6 8. Bh4
Bg4 9. Be2 Nd7 10. O-O Ngf6 11. Qd2 O-O 12. a3 Qc7 13. Rac1 a6 14. b4 Bxf3 15.
Bxf3 Bxh2+ 16. Kh1 g5 17. g3 gxh4 18. Kxh2 hxg3+ 19. fxg3 Qd6 20. Kg2 Rae8 21.
Rh1 Ne4 22. Bxe4 dxe4 23. Qe2 Qg6 24. Rh4 Nf6 25. Rch1 h5 26. Qf2 Kg7 27. Ne2
Rh8 28. Nf4 Qg5 29. Qe2 Reg8 30. Nxh5+ Kf8 31. R1h3 Nxh5 32. Rxh5 Rxh5 33. Qxh5
Qxe3 34. Qc5+ 1/2-1/2

[Event "Geza Fuster mem"]
[Site "Toronto CAN"]
[Date "2002.09.14"]
[Round "1"]
[White "Takov, Chris"]
[Black "Thavandiran, Shiyam"]
[Result "1-0"]
[WhiteElo "1863"]
[BlackElo "1997"]
[PlyCount "81"]
[EventDate "2002.09.14"]
[EventType "tourn"]
[EventRounds "9"]
[EventCountry "CAN"]

1. d4 Nf6 2. c4 e6 3. Nc3 Bb4 4. Bg5 c5 5. d5 e5 6. Nf3 Qa5 7. Qc2 Bxc3+ 8.
bxc3 d6 9. Nd2 Nbd7 10. f3 a6 11. a4 Qc7 12. e3 h6 13. Bh4 g5 14. Bf2 Nf8 15.
a5 Ke7 16. Bd3 Rb8 17. h4 g4 18. f4 h5 19. fxe5 dxe5 20. Bf5 Bxf5 21. Qxf5 Ng6
22. O-O Rhf8 23. e4 b6 24. Nb3 Nd7 25. Qxh5 Rg8 26. g3 b5 27. Qf5 bxc4 28.
Bxc5+ Kd8 29. Qxf7 Re8 30. Qxg6 cxb3 31. Bd6 Qxc3 32. Qg5+ Nf6 33. Qxf6+ Kd7
34. Qg7+ Kd8 35. Qxg4 b2 36. Rab1 Qe3+ 37. Kg2 Qd2+ 38. Rf2 Qc1 39. Qg5+ Kd7
40. Rxc1 bxc1=Q 41. Qxc1 1-0

[Event "Geza Fuster mem"]
[Site "Toronto CAN"]
[Date "2002.09.14"]
[Round "1"]
[White "Veltmann, Martin"]
[Black "Findlay, Ian"]
[Result "1/2-1/2"]
[WhiteElo "2083"]
[BlackElo "2368"]
[PlyCount "85"]
[EventDate "2002.09.14"]
[EventType "tourn"]
[EventRounds "9"]
[EventCountry "CAN"]

1. c4 Nf6 2. Nf3 c5 3. Nc3 e6 4. g3 b6 5. Bg2 Bb7 6. O-O Be7 7. d4 cxd4 8. Nxd4
Bxg2 9. Kxg2 Qc8 10. Qd3 Nc6 11. Nxc6 Qxc6+ 12. f3 Rc8 13. b3 d5 14. Nb5 dxc4
15. bxc4 Qxc4 16. Qxc4 Rxc4 17. Rd1 O-O 18. Nxa7 Nd5 19. Bd2 Ra8 20. Nb5 f5 21.
a3 Bc5 22. h4 h6 23. Kh3 Kf7 24. Ra2 Kf6 25. Rc1 Rca4 26. Rb1 g5 27. Rb3 Kg6
28. hxg5 hxg5 29. Rd3 Rc4 30. Kg2 Rca4 31. Rb3 g4 32. Ra1 Rh8 33. Rd3 Rh7 34.
Rb3 Kf7 35. Rd3 Ra8 36. fxg4 fxg4 37. Rh1 Rxh1 38. Kxh1 Ra4 39. Kg2 Re4 40. Kf1
Re5 41. Nd4 Kg6 42. a4 Re4 43. Nxe6 1/2-1/2

[Event "Geza Fuster mem"]
[Site "Toronto CAN"]
[Date "2002.09.21"]
[Round "2"]
[White "Findlay, Ian"]
[Black "Sviridovitch, Alina"]
[Result "1-0"]
[WhiteElo "2330"]
[BlackElo "1840"]
[PlyCount "47"]
[EventDate "2002.09.14"]
[EventType "tourn"]
[EventRounds "9"]
[EventCountry "CAN"]

1. e4 c5 2. Nf3 e6 3. d4 cxd4 4. Nxd4 a6 5. Nc3 b5 6. Bd3 Qb6 7. Nb3 Qc7 8. O-O
Nf6 9. Qe2 d6 10. Bd2 Be7 11. a4 bxa4 12. Rxa4 O-O 13. Rfa1 Bb7 14. Na5 Bc8 15.
Rc4 Qd7 16. e5 dxe5 17. Qxe5 Bd6 18. Qg5 Qe7 19. Rh4 h6 20. Rxh6 Bd7 21. Rh3 e5
22. Nd5 Qe6 23. Nxf6+ Qxf6 24. Qh5 1-0

[Event "Geza Fuster mem"]
[Site "Toronto CAN"]
[Date "2002.09.21"]
[Round "2"]
[White "Laughlin, Steve"]
[Black "Takov, Chris"]
[Result "0-1"]
[WhiteElo "2006"]
[BlackElo "1863"]
[PlyCount "86"]
[EventDate "2002.09.14"]
[EventType "tourn"]
[EventRounds "9"]
[EventCountry "CAN"]

1. e4 d6 2. d4 g6 3. f4 Bg7 4. Nf3 Bg4 5. Be2 h5 6. c3 Nh6 7. Qb3 b6 8. h3 Bxf3
9. Bxf3 e6 10. O-O Nd7 11. f5 e5 12. fxg6 Qe7 13. Qd5 O-O 14. Qb3 h4 15. Na3
Kh8 16. gxf7 exd4 17. Bxh6 Bxh6 18. cxd4 Rxf7 19. e5 Re8 20. Rfe1 Rg7 21. exd6
Qxe1+ 22. Rxe1 Rxe1+ 23. Kf2 Rc1 24. dxc7 Rxc7 25. Qe6 Rh7 26. Qe4 Nf6 27. Qa8+
Ng8 28. Qe4 Rce7 29. Qd3 Bf4 30. Nc2 Bg3+ 31. Kf1 Rhf7 32. Kg1 Rf6 33. d5 Nh6
34. Ne3 Nf5 35. Nf1 Re1 36. Qc3 Kg7 37. Qd3 Ne3 38. Qxe3 Rxe3 39. Nxe3 Kf7 40.
Kf1 Ke7 41. Ke2 Kd6 42. Kd3 Rf7 43. b3 b5 0-1

[Event "Geza Fuster mem"]
[Site "Toronto CAN"]
[Date "2002.09.21"]
[Round "2"]
[White "Siddeley, Hugh"]
[Black "Noritsyn, Nikolay"]
[Result "0-1"]
[WhiteElo "2027"]
[BlackElo "2093"]
[PlyCount "85"]
[EventDate "2002.09.14"]
[EventType "tourn"]
[EventRounds "9"]
[EventCountry "CAN"]

1. e4 e5 2. Nf3 Nc6 3. Bb5 a6 4. Ba4 Nf6 5. O-O Nxe4 6. d4 b5 7. Bb3 d5 8. dxe5
Be6 9. Nbd2 Nxd2 10. Qxd2 Qd7 11. Rd1 Rd8 12. a4 b4 13. a5 Nb8 14. c3 bxc3 15.
bxc3 Be7 16. Ba4 c6 17. Qf4 O-O 18. Qg3 Kh8 19. Nd4 Qc8 20. Bc2 c5 21. Qd3 g6
22. Nxe6 Qxe6 23. Bh6 Rfe8 24. f4 c4 25. Qg3 f5 26. Rdb1 d4 27. cxd4 Rxd4 28.
Qc3 Qd5 29. Bd1 Rd3 30. Qe1 Bc5+ 31. Kh1 Nd7 32. Qf1 Qe6 33. Be2 Rd4 34. Rc1
Nxe5 35. fxe5 Qxe5 36. Rxc4 Bd6 37. Qg1 Rd5 38. Bf3 Rxa5 39. Rxa5 Qxa5 40. Rc1
Qe5 41. Bd2 Kg8 42. Bc3 Qf4 43. Ba1 0-1

[Event "Geza Fuster mem"]
[Site "Toronto CAN"]
[Date "2002.11.27"]
[Round "2"]
[White "Thavandiran, Shiyam"]
[Black "Veltmann, Martin"]
[Result "1-0"]
[WhiteElo "1942"]
[BlackElo "2083"]
[PlyCount "69"]
[EventDate "2002.09.14"]
[EventType "tourn"]
[EventRounds "9"]
[EventCountry "CAN"]

1. e4 c5 2. Nf3 d6 3. d4 cxd4 4. Qxd4 Nc6 5. Bb5 Bd7 6. Bxc6 Bxc6 7. Nc3 e6 8.
Bg5 Nf6 9. O-O-O Be7 10. Rhe1 Qa5 11. Qd2 Rc8 12. Kb1 O-O 13. Nd5 Qd8 14. Nxe7+
Qxe7 15. Bxf6 Qxf6 16. Qxd6 Qg6 17. Qf4 Qh5 18. Ne5 Be8 19. h4 f6 20. Nf3 Qa5
21. Rd6 e5 22. Qd2 Qa4 23. b3 Qa3 24. Rd1 Bc6 25. Qd3 Qb4 26. Nd2 Qb6 27. Qg3
Qc5 28. Rd3 b5 29. f3 a5 30. Qe1 a4 31. Nf1 axb3 32. cxb3 Ra8 33. Ne3 Rfc8 34.
R1d2 Qb4 35. Rd8+ 1-0

[Event "Geza Fuster mem"]
[Site "Toronto CAN"]
[Date "2002.10.05"]
[Round "3"]
[White "Boross Harmer, Peter"]
[Black "Findlay, Ian"]
[Result "0-1"]
[WhiteElo "2070"]
[BlackElo "2368"]
[PlyCount "56"]
[EventDate "2002.09.14"]
[EventType "tourn"]
[EventRounds "9"]
[EventCountry "CAN"]

1. d4 Nf6 2. g3 c5 3. c3 e6 4. Bg2 Nc6 5. Nf3 d5 6. O-O Bd6 7. Be3 Qe7 8. h3
O-O 9. Nbd2 e5 10. dxc5 Bxc5 11. Bxc5 Qxc5 12. Nb3 Qb6 13. e3 Bf5 14. Qe2 a5
15. Rad1 a4 16. Nc1 Rfe8 17. g4 Be4 18. g5 Nd7 19. Nh4 Bxg2 20. Kxg2 d4 21. Qg4
Nc5 22. Rd2 dxc3 23. bxc3 e4 24. Rd6 Qb2 25. Nf5 Qxc3 26. Ne2 Qe5 27. Nf4 Ne6
28. Rb1 Ra5 0-1

[Event "Geza Fuster mem"]
[Site "Toronto CAN"]
[Date "2002.10.05"]
[Round "3"]
[White "Noritsyn, Nikolay"]
[Black "Sherman, Robert"]
[Result "1-0"]
[WhiteElo "2093"]
[BlackElo "1922"]
[PlyCount "78"]
[EventDate "2002.09.14"]
[EventType "tourn"]
[EventRounds "9"]
[EventCountry "CAN"]

1. e4 c5 2. Nf3 d6 3. d4 cxd4 4. Nxd4 Nf6 5. Nc3 g6 6. Be3 Bg7 7. f3 O-O 8. Qd2
Nc6 9. O-O-O Bd7 10. g4 Ne5 11. Kb1 Rc8 12. h4 b5 13. Ncxb5 Nxf3 14. Nxf3 Bxg4
15. Be2 Nxe4 16. Qe1 a6 17. Nbd4 Qb6 18. Rd3 Nc5 19. Ra3 Rb8 20. Nb3 Qb7 21.
Rf1 Rfc8 22. Nfd4 Bxe2 23. Qxe2 e5 24. Nf3 Qb4 25. Qd2 Qb5 26. Rd1 Qc4 27. Qd5
Qe2 28. Bxc5 e4 29. Ng1 Qg2 30. Qxd6 e3 31. Qd5 e2 32. Nxe2 Qxe2 33. Qd3 Qh2
34. Bd6 Qxh4 35. Bxb8 Qf6 36. c3 Rxb8 37. Rxa6 Qf2 38. Rd6 Bf8 39. Rd7 Re8 1-0

[Event "Geza Fuster mem"]
[Site "Toronto CAN"]
[Date "2002.10.05"]
[Round "3"]
[White "Siddeley, Hugh"]
[Black "Laughlin, Steve"]
[Result "1-0"]
[WhiteElo "2027"]
[BlackElo "2006"]
[PlyCount "72"]
[EventDate "2002.09.14"]
[EventType "tourn"]
[EventRounds "9"]
[EventCountry "CAN"]

1. e4 e5 2. Nf3 Nc6 3. Bb5 a6 4. Ba4 Nf6 5. O-O Be7 6. Re1 b5 7. Bb3 O-O 8. a4
Bb7 9. d3 d6 10. Nbd2 Na5 11. Ba2 c5 12. c3 Qc7 13. Nf1 c4 14. Ng3 Rfe8 15. Bg5
h6 16. Bxf6 Bxf6 17. h3 g6 18. axb5 axb5 19. Nh2 Bg7 20. Ng4 Rad8 21. Ne3 d5
22. exd5 Bxd5 23. Qc1 Be6 24. dxc4 bxc4 25. Rd1 f5 26. Ngf1 e4 27. Qc2 f4 28.
Rxd8 Qxd8 29. Rd1 Qg5 30. Qa4 Rc8 31. h4 Qc5 32. Nc2 Rb8 33. Nd4 Rxb2 34. Qe8+
Kh7 35. Qxe6 Rxa2 36. Qf7 Nb3 1-0

[Event "Geza Fuster mem"]
[Site "Toronto CAN"]
[Date "2002.10.05"]
[Round "3"]
[White "Sviridovitch, Alina"]
[Black "Thavandiran, Shiyam"]
[Result "1/2-1/2"]
[WhiteElo "1840"]
[BlackElo "1997"]
[PlyCount "81"]
[EventDate "2002.09.14"]
[EventType "tourn"]
[EventRounds "9"]
[EventCountry "CAN"]

1. d4 Nf6 2. c4 e6 3. Nf3 b6 4. Nc3 Bb7 5. Bg5 Bb4 6. Qc2 h6 7. Bxf6 gxf6 8. a3
Bxc3+ 9. Qxc3 d6 10. g3 Bxf3 11. Qxf3 Nd7 12. Bg2 Rb8 13. Rd1 c5 14. dxc5 bxc5
15. Rxd6 Qa5+ 16. Qc3 Qxc3+ 17. bxc3 Ke7 18. Rd1 Rb3 19. Kd2 Nb6 20. Kc2 Rxa3
21. Ra1 Rxa1 22. Rxa1 Nc8 23. Ra5 Kd6 24. Ra6+ Nb6 25. Rxa7 Nd7 26. Rb7 Rb8 27.
Rxb8 Nxb8 28. Kb3 Nd7 29. f4 f5 30. Bf3 Kc7 31. Bh5 f6 32. e3 Nb6 33. Be2 Nc8
34. Bd1 Nd6 35. Bf3 Kb6 36. Bg2 Nc8 37. Bh1 Kc7 38. Bg2 Nd6 39. Bf3 Kb6 40. Bg2
Kc7 41. Bh1 1/2-1/2